000 00452nam a2200157 a 4500
005 20210223124012.0
008 991125n 000 0 spa u
035 _aUPN01000094936
100 1 _aLerner Sigal, Victoria
_941427
222 _aPERFILES EDUCATIVOS
245 _aPropuestas para el desarrollo de la Didáctica de la Historia en México
300 _a18-26
362 _a1995 No. 67, ene.-mar.
904 _aAC
_b032747
905 _aArticulo
999 _c75278
_d75278